000 00382 a2200169 4500
001 49994
020 _a8516036545
040 _cAnchieta - Bela Vista
100 _aRocha, Ruth
240 1 0 _aA menina que aprendeu a voar
_lpor
245 1 0 _aA menina que aprendeu a voar
300 _a31
362 0 _a2006
440 1 _aSalamandra
650 4 _aLiteratura juvenil
942 _cBK
999 _c49994
_d49994